000 01015nam a2200265Ia 4500
003 OSt
005 20221005111853.0
006 a|||||r|||| 00| 0
007 ta
008 221004b |||||||| |||| 00| 0 hin d
020 _c1800
024 _a101301
037 _b409, 23/03/2010, Swaraj Prakashan
_cTextual
040 _aCRL
_cCRL
_bhin
041 _2hin
_ahin
082 _aO44:g(Q24), 152N6
100 _aद्विवेदी, प्रेम शंकर
245 0 _aभारतीय साहित्य एवं कला में श्री गणेश
246 _aBhāratīya sāhitya evan kalā mean shrī gaṇesha
260 _aवाराणसी
_bकला प्रकाशन भारत
_c1996
300 _a128प0
_ccm.
650 _aहिन्दी साहित्य
942 _hO44:g(Q24), 152N6
_cTEXL
_2cc
999 _c1023141
_d1023141